Personnages Simpson - Statistiques

Statistiques générales
  • Ce quiz a été pris 338 fois
  • Le résultat moyen est 19 sur 77
Statistiques - réponses
Hint Réponse % Correct
Personnage principal Homer Simpson
96%
Personnage principal Marge Simpson
95%
Personnage principal Bart Simpson
92%
Personnage principal Lisa Simpson
90%
Personnage principal Maggie Simpson
89%
Personnage principal Abraham Simpson
76%
Barman Moe
57%
Voisin des Simpson Ned Flanders
50%
Chauffeur de bus Otto
47%
Clown Krusty
46%
Maire Joe Quimby
44%
Copain de travail du personnage principal Lenny
38%
Copain de travail du personnage principal Carl
36%
Femme du voisin des Simpson Maude Flanders
34%
Soeur de la personnage principal Patty Bouvier
34%
Chien des personnages principaux Petit papa noël
34%
Soeur de la personnage principale Selma bouvier
34%
Enfant du voisin des Simpson Todd Flanders
34%
Principale de l'école Seymour Skinner
33%
Ex partenaire du clown/veut la mort d'un personnage Tahiti Bob
33%
Maîtresse d'école/en couple avec le principale Edna Krappabel
32%
Meilleur ami du personnage principal/cheveux bleu milhouse Van Houten
32%
Enfant du voisin des Simpson Rodd Flanders
32%
Personnage de la série télé préféré des enfants/souris Itchy
29%
Personnage de la série télé préféré des enfants/Chat Scratchy
29%
Chef de la mafia Gros Tony
28%
Chef de police Clancy Wiggum
27%
Fan de musique disco Disco Stu
27%
Caïd de l'école Nelson Muntz
27%
Mascotte de la bière préférée à springfield Duffman
25%
Présentateur vedette du Journal télévisé Kent Brockman
25%
Flic de Springfield Lou
25%
Valet du patron de la centrale nucléaire Smithers
25%
Patron de la centrale nucléaire Charles Montgomery Burns
24%
Élève intello Martin prince
24%
Partenaire du clown/os dans les cheveux Tahiti Mel
24%
Mère du principale de l'école Agnès Skinner
23%
Le jardinier de l'école Willy le jardinier
20%
Femme du révérend Hélène Lovejoy
19%
maison de retraite Jasper
19%
Révérend Timothy Lovejoy
18%
Flic de Springfield Eddie
17%
Homme au cheveux bleu en couple avec une femme au cheveux bleu Kirk Van Houten
17%
Caid de l'école/en bande de trois/cheveux long Ralph
16%
Amoureux de la personnage principal aux cheveux bleu/homme riche Artie Ziff
15%
Fondateur de Springfield Jebediah Springfield
14%
Caid de l'école/en bande de trois/bonnet noir Jimbo Jones
14%
Professeur scientifique professeur Frink
13%
Star ringarde disant toujours son nom quand elle apparait Troy McClure
13%
Caid de l'école/en bande de trois/il a un enfant Kearney
12%
Gérant du Kwi-E-Mart Apu Nahasapeemapetilon
11%
Demi frère du personnage principal Herbert Powell
9%
Mère de la personnage principale Jacqueline bouvier
9%
Avocat de mauvaise qualité Lionel Hutz
9%
Père d'enfant consanguin/en couple avec sa soeur Cletus Spuckler
8%
Femme au cheveux bleu en couple avec un homme au cheveux bleu Luane Van Houten
8%
Boxeur professionnel Drederick Tatum
6%
Acteur ayant joué McBain Rainier Wolfcastle
6%
Singe du clown Tiny
6%
Détenteur de la boutique de bd Vendeur de bd
6%
Clients constant du bar/meilleur ami du personnage principal Barney gamble
5%
Femme du docteur des Simpson Bernice Hibbert
5%
Inspecteur des écoles/crie tout le temps le nom du directeur de l'école prinaire de Springfield Gary Chalmers
4%
Docteur un peu bizarre Marvin Monroe
4%
Médecin de la famille Simpson Docteur Julius Hibert
3%
homme de mer Horatio McCallister
3%
Maîtresse d'école Mlle Hoover
3%
Professeur de musique de l'école primaire Dewey Largo
2%
La folle au chats Eleanor Abernathy
2%
Maman d'enfant consanguin/en couple avec son frère Blandine Del ROy
1%
Cambrioleur Cobra
1%
Psychologue et le conseiller d'orientation de l'école primaire Docteur J. Loren Pryor
1%
Détenteur du magasin d'armes Harman
1%
Femme du maire Martha Quimby
1%
La dame de la cantine Mme Doris
1%
Père du clown Rabbin Krustofski
1%
Frère du gérant du Kwi-E-Mart Sajay Nahasapeemapetilon
1%
Aucun quiz correspondant
Distribution des résultats
% des personnes avec chaque résultat
Percentile par nombre de réponses
Votre historique - résultats
Vous n’avez pas pris ce quiz